[Event "Frankfurt Ch 2012"]
[Site "Ffm-Kalbach, LAZ"]
[Date "2012.06.18"]
[Round "7.1"]
[White "Hartmann, Stephan"]
[Black "Weber, Samuel"]
[Result "0-1"]
[WhiteElo "1403"]
[BlackElo "1328"]
[PlyCount "116"]
[EventDate "2012.??.??"]
[WhiteTeam "SG Turm Idstein"]
[BlackTeam "SC Flörsheim 1921"]

1. c4 f5 2. Nf3 Nf6 3. Nc3 g6 4. g3 Bg7 5. Bg2 O-O 6. O-O d6 7. d4 Nc6 8. a3
Qe8 9. b4 e5 10. dxe5 dxe5 11. Qb3 Kh8 12. Bb2 e4 13. Ng5 h6 14. Nh3 g5 15. e3
Ne5 16. f4 exf3 17. Bh1 Nd3 18. Nd5 Nxd5 19. Bxg7+ Kxg7 20. cxd5 f4 21. Qxd3
Bxh3 22. Qd4+ Kg8 23. exf4 Bxf1 24. Rxf1 gxf4 25. Rxf3 Qe1+ 26. Rf1 Qe3+ 27.
Qxe3 fxe3 28. Re1 Rae8 29. b5 Rf2 30. Rxe3 Rxe3 31. Kxf2 Rxa3 32. d6 Ra2+ 33.
Ke3 cxd6 34. Bxb7 Rxh2 35. g4 Kf7 36. Kf4 Kf6 37. Bc8 Rf2+ 38. Ke3 Rb2 39. Bd7
Kg5 40. Kd4 Rb4+ 41. Kd5 Rxg4 42. Kxd6 Rd4+ 43. Kc6 Rxd7 44. Kxd7 h5 45. Kc7 h4
46. Kb7 h3 47. Kxa7 h2 48. b6 h1=Q 49. b7 Qa1+ 50. Kb6 Qb2+ 51. Kc6 Qc3+ 52.
Kb6 Qb4+ 53. Ka7 Qa5+ 54. Kb8 Kf6 55. Kc8 Qc5+ 56. Kb8 Ke6 57. Ka8 Qa5+ 58. Kb8
Kd6 0-1

[Event "Frankfurt Ch 2012"]
[Site "Ffm-Kalbach, LAZ"]
[Date "2012.06.18"]
[Round "7.2"]
[White "Mongi, Mario"]
[Black "Lopez Fuertes, Victor"]
[Result "0-1"]
[WhiteElo "1343"]
[BlackElo "1778"]
[PlyCount "48"]
[EventDate "2012.??.??"]
[WhiteTeam "Sfr. Frankfurt 1921"]
[BlackTeam "SC 1910 Höchst"]

1. c4 c5 2. g3 g6 3. Bg2 Nc6 4. Nc3 Bg7 5. e3 Nf6 6. Nge2 O-O 7. a3 e6 8. O-O
d5 9. Rb1 Rb8 10. cxd5 exd5 11. Nf4 d4 12. Na4 c4 13. b3 Bf5 14. d3 cxd3 15.
Nxd3 dxe3 16. Bxc6 Bxd3 17. Bxe3 bxc6 18. Bxa7 Ra8 19. Bc5 Re8 20. Bb6 Qd5 21.
Nc3 Qf5 22. Bd4 Bxb1 23. Nxb1 Rad8 24. a4 c5 0-1

[Event "Frankfurt Ch 2012"]
[Site "Ffm-Kalbach, LAZ"]
[Date "2012.06.18"]
[Round "7.3"]
[White "Neuhaus, Joachim"]
[Black "Mayer, Andreas"]
[Result "0-1"]
[WhiteElo "1446"]
[BlackElo "1360"]
[PlyCount "37"]
[EventDate "2012.??.??"]
[WhiteTeam "SC 1933 Somborn"]
[BlackTeam "Sfr. Frankfurt 1921"]

1. e4 c6 2. d4 d5 3. f3 dxe4 4. fxe4 e5 5. Nf3 exd4 6. Bc4 Be6 7. Bxe6 fxe6 8.
O-O Be7 9. Ne5 Nf6 10. Rxf6 Bxf6 11. Ng4 O-O 12. e5 Be7 13. Nd2 Nd7 14. Ne4
Nxe5 15. Nxe5 Qd5 16. Nf3 Qxe4 17. Qxd4 Qxd4+ 18. Nxd4 Bc5 19. c3 0-1

[Event "Frankfurt Ch 2012"]
[Site "Ffm-Kalbach, LAZ"]
[Date "2012.06.18"]
[Round "7.4"]
[White "Meister, Peter"]
[Black "Fredershausen, Kurt"]
[Result "1-0"]
[WhiteElo "1406"]
[BlackElo "1168"]
[PlyCount "105"]
[EventDate "2012.??.??"]
[WhiteTeam "Sfr. Frankfurt 1921"]
[BlackTeam "SC Bad Soden"]

1. e4 e5 2. Nf3 Nf6 3. Nc3 Nc6 4. Bc4 h6 5. d3 Bc5 6. h3 a6 7. O-O O-O 8. Re1
Re8 9. a3 d6 10. Be3 Ba7 11. Qd2 Bxe3 12. Qxe3 b5 13. Ba2 Rb8 14. Nd5 Be6 15.
Nxf6+ Qxf6 16. Bxe6 Rxe6 17. Qd2 Nd4 18. Nxd4 exd4 19. Qa5 Rb6 20. Rac1 Qe5 21.
Qd2 Rg6 22. f4 Qe7 23. Qf2 c5 24. c3 Qd7 25. f5 Rf6 26. cxd4 cxd4 27. Qxd4 Rc6
28. Qd5 Rxc1 29. Rxc1 Qe7 30. Qa8+ Kh7 31. Rc8 Rxf5 32. Rh8+ Kg6 33. exf5+ Kf6
34. Qd8 Qxd8 35. Rxd8 Ke5 36. g4 g6 37. fxg6 fxg6 38. Kf2 d5 39. Ra8 Kd4 40.
Ke2 h5 41. gxh5 gxh5 42. Rxa6 Kc5 43. Rh6 h4 44. Rxh4 d4 45. Re4 b4 46. axb4+
Kxb4 47. h4 Kb3 48. h5 Kxb2 49. h6 Kc3 50. h7 Kc2 51. h8=Q Kc3 52. Re7 Kc2 53.
Rc7+ 1-0

[Event "Frankfurt Ch 2012"]
[Site "Ffm-Kalbach, LAZ"]
[Date "2012.06.18"]
[Round "7.5"]
[White "Manasek, Martin"]
[Black "Dümmler, Rolf"]
[Result "1/2-1/2"]
[WhiteElo "1287"]
[BlackElo "1438"]
[PlyCount "46"]
[EventDate "2012.??.??"]
[WhiteTeam "Bad Vilbeler Sfr.1985"]
[BlackTeam "vereinslos"]

1. d4 d5 2. Nf3 Nf6 3. Bf4 e6 4. e3 Be7 5. Bd3 O-O 6. O-O Nbd7 7. Nc3 a6 8. Ne5
c5 9. Nxd7 Bxd7 10. Re1 c4 11. Bf1 b5 12. Ne2 Ne4 13. c3 Bh4 14. Ng3 Bxg3 15.
Bxg3 Qf6 16. Qf3 Qg6 17. Qe2 f6 18. Qc2 e5 19. Qc1 Bf5 20. Be2 Rae8 21. Qd1 Re7
22. Bh5 Qh6 23. Bf3 Kh8 1/2-1/2

[Event "Frankfurt Ch 2012"]
[Site "Ffm-Kalbach, LAZ"]
[Date "2012.06.18"]
[Round "7.6"]
[White "Friedel, Thomas"]
[Black "Wöhl, Torsten"]
[Result "0-1"]
[WhiteElo "1592"]
[BlackElo "1659"]
[PlyCount "100"]
[EventDate "2012.??.??"]
[WhiteTeam "SV 1946 Groß-Gerau"]
[BlackTeam "SC Groß-Zimmern"]

1. e4 e6 2. d4 d5 3. e5 c5 4. c3 Nc6 5. Bb5 Qb6 6. Ba4 Bd7 7. Nf3 Nge7 8. O-O
Nf5 9. Bxc6 Bxc6 10. b3 cxd4 11. Nxd4 Nxd4 12. Be3 Bc5 13. Bxd4 O-O-O 14. Bxc5
Qxc5 15. Qd4 Qa5 16. Nd2 Kb8 17. Rfc1 Rc8 18. b4 Qd8 19. a4 Qb6 20. Qxb6 axb6
21. a5 b5 22. Nb3 Rhd8 23. Nd4 Be8 24. f4 g6 25. g4 Bd7 26. Kf2 Rc7 27. Nb3 Rc4
28. Nc5 Rxf4+ 29. Kg3 Rc4 30. Kf3 Bc6 31. Kg3 d4 32. cxd4 Rdxd4 33. Rxc4 Rxc4
34. Rb1 g5 35. Rb3 Kc7 36. h3 Bd5 37. Rb2 Rc3+ 38. Kh2 Re3 39. Rf2 Rf3 40. Rxf3
Bxf3 41. Kg3 Bd5 42. Kf2 b6 43. axb6+ Kxb6 44. Kg3 h6 45. Kf2 Kc6 46. Kg3 Bc4
47. h4 Kd5 48. Nd7 Bd3 49. hxg5 hxg5 50. Kf3 Bg6 0-1

[Event "Frankfurt Ch 2012"]
[Site "Ffm-Kalbach, LAZ"]
[Date "2012.06.18"]
[Round "7.7"]
[White "Leßmann, Sven"]
[Black "Paulicks, Frank"]
[Result "1-0"]
[WhiteElo "1320"]
[BlackElo "1107"]
[PlyCount "63"]
[EventDate "2012.??.??"]
[WhiteTeam "SC Bad Soden"]
[BlackTeam "SV Oberhessen Echzell e.V."]

1. d4 c5 2. Nf3 Nc6 3. d5 Na5 4. e4 b6 5. Nc3 g6 6. Bf4 d6 7. Be2 Bd7 8. O-O
Bg7 9. Rb1 a6 10. a3 b5 11. Na2 Nc4 12. Bxc4 bxc4 13. Re1 Nh6 14. e5 dxe5 15.
Bxe5 f6 16. Bd6 Nf5 17. Bxc5 O-O 18. Nc3 Rc8 19. Ne4 Qc7 20. d6 Qd8 21. dxe7
Nxe7 22. Bxe7 Qxe7 23. Nd6 Qd8 24. Nxc8 Qxc8 25. Re7 Rd8 26. Qd5+ Kh8 27. Qf7
Rg8 28. Rxd7 Qb8 29. Nd4 c3 30. b3 a5 31. Ne6 a4 32. b4 1-0

[Event "Frankfurt Ch 2012"]
[Site "Ffm-Kalbach, LAZ"]
[Date "2012.06.18"]
[Round "7.8"]
[White "Scheerer, Michael"]
[Black "Hollmann, Leon"]
[Result "1/2-1/2"]
[WhiteElo "1421"]
[BlackElo "1077"]
[PlyCount "46"]
[EventDate "2012.??.??"]
[WhiteTeam "Sfr. Frankfurt 1921"]
[BlackTeam "SV 1920 Hofheim"]

1. e4 c5 2. Nf3 Nc6 3. d4 cxd4 4. Nxd4 e6 5. Nc3 Qc7 6. Be2 Nf6 7. Nxc6 bxc6 8.
Bf3 Ba6 9. Be2 Bxe2 10. Qxe2 Bc5 11. e5 Nd5 12. Nxd5 cxd5 13. c3 h6 14. Be3 Rc8
15. Bxc5 Qxc5 16. Rd1 Qc4 17. Qxc4 dxc4 18. Ke2 Ke7 19. Rd2 Rhd8 20. Rhd1 Rc6
21. Ke3 Rc7 22. f4 h5 23. g3 g6 1/2-1/2

[Event "Frankfurt Ch 2012"]
[Site "Ffm-Kalbach, LAZ"]
[Date "2012.06.18"]
[Round "7.9"]
[White "Krüger, Manfred"]
[Black "Overkamp, Rüdiger"]
[Result "1-0"]
[WhiteElo "1645"]
[BlackElo "1168"]
[PlyCount "33"]
[EventDate "2012.??.??"]
[WhiteTeam "SAbt Niederräder TG"]
[BlackTeam "SF Heidelberg"]

1. e4 e5 2. Nf3 Nc6 3. a3 Nf6 4. Nc3 a6 5. Bc4 b5 6. Ba2 b4 7. Ng5 d5 8. exd5
bxc3 9. dxc6 cxd2+ 10. Bxd2 Nd5 11. Qf3 Be6 12. Nxe6 fxe6 13. Qh5+ Ke7 14. c4
Nf6 15. Bb4+ Qd6 16. Bxd6+ cxd6 17. Qh3 1-0

[Event "Frankfurt Ch 2012"]
[Site "Ffm-Kalbach, LAZ"]
[Date "2012.06.18"]
[Round "7.10"]
[White "Blank, Martina"]
[Black "Anhalt, Klaus"]
[Result "0-1"]
[WhiteElo "821"]
[BlackElo "1282"]
[PlyCount "98"]
[EventDate "2012.??.??"]
[WhiteTeam "vereinslos"]
[BlackTeam "SK Bickenbach"]

1. e4 e5 2. Nf3 d6 3. d4 exd4 4. Nxd4 Nf6 5. Nc3 Be7 6. Be2 Bd7 7. O-O O-O 8.
Bf4 Nc6 9. Nf3 Nh5 10. Qd2 Nxf4 11. Qxf4 Bf6 12. Rfe1 Nd4 13. Bd3 Nxf3+ 14.
Qxf3 Bxc3 15. bxc3 Bc6 16. Qg3 Re8 17. e5 dxe5 18. Rxe5 Rxe5 19. Qxe5 Qd5 20.
Qg3 Re8 21. Qh3 g6 22. a3 Qe5 23. f4 Qxc3 24. Rf1 Qd4+ 25. Rf2 f5 26. g4 Re3
27. Bc4+ Kh8 28. Qh6 Re1+ 29. Bf1 Kg8 30. gxf5 Qe4 31. Rg2 Rxf1+ 32. Kxf1 Qxg2+
33. Ke1 Qe4+ 34. Kf2 Qxc2+ 35. Kg3 Qxf5 36. h4 Bd7 37. Qg5 Qxg5+ 38. hxg5 Kf7
39. Kf3 c5 40. Ke3 b5 41. Kd3 Ke6 42. Kc3 Kd5 43. Kd3 Bf5+ 44. Kc3 a5 45. Kb3
Kd4 46. a4 Be6+ 47. Ka3 b4+ 48. Kb2 c4 49. Kc2 Ke4 0-1

[Event "Frankfurt Ch 2012"]
[Site "Ffm-Kalbach, LAZ"]
[Date "2012.06.18"]
[Round "7.11"]
[White "Urbach, Jens"]
[Black "Peschk, Kathrin"]
[Result "1-0"]
[WhiteElo "1586"]
[BlackElo "905"]
[PlyCount "145"]
[EventDate "2012.??.??"]
[WhiteTeam "Sfr. Frankfurt 1921"]
[BlackTeam "SV 1946 Groß-Gerau"]

1. e4 e5 2. Nf3 Nc6 3. d4 exd4 4. Nxd4 Bc5 5. Be3 Nxd4 6. Bxd4 Bxd4 7. Qxd4 Nf6
8. e5 Qe7 9. Be2 c5 10. exf6 cxd4 11. fxe7 Kxe7 12. O-O Re8 13. Bd3 Kf8 14.
Bxh7 d6 15. Bd3 Bd7 16. Nd2 Rac8 17. Ne4 Rc6 18. Rac1 Rb6 19. b3 d5 20. Nd2 Bb5
21. Bxb5 Rxb5 22. Nf3 Re4 23. Rfd1 Rb6 24. Nxd4 Rf6 25. f3 Re8 26. c4 Rc8 27.
c5 Rc7 28. Nb5 Rd7 29. a4 a6 30. Nd4 Rd8 31. c6 bxc6 32. Nxc6 Rdd6 33. Nb4 Kg8
34. Nxd5 Rfe6 35. Nc7 Rxd1+ 36. Rxd1 Rb6 37. Rd3 Rc6 38. Nd5 Kh7 39. Re3 Rc1+
40. Kf2 Rd1 41. Nf4 Rd4 42. Kg3 g5 43. Ne2 Rb4 44. f4 Kg6 45. fxg5 Kxg5 46. h3
f5 47. Rf3 Re4 48. Nf4 Kh6 49. h4 Rb4 50. Nh3 Rg4+ 51. Kf2 Rxh4 52. Rxf5 Kg6
53. Ra5 Kf7 54. Rxa6 Rb4 55. a5 Rxb3 56. Ra8 Rb2+ 57. Kg3 Rb3+ 58. Kg4 Rb4+ 59.
Nf4 Kf6 60. g3 Ra4 61. a6 Ra5 62. a7 Kg7 63. Ne6+ Kf7 64. Nc7 Kg7 65. Ne6+ Kf7
66. Nd8+ Kg7 67. Nc6 Ra4+ 68. Kh3 Ra6 69. Nb8 Ra4 70. g4 Kg6 71. Nd7 Kg5 72.
Rg8+ Kh6 73. a8=Q 1-0

[Event "Frankfurt Ch 2012"]
[Site "Ffm-Kalbach, LAZ"]
[Date "2012.06.18"]
[Round "7.12"]
[White "Wachter, Peter"]
[Black "Hirth, Heinrich"]
[Result "1-0"]
[WhiteElo "786"]
[BlackElo "1081"]
[PlyCount "119"]
[EventDate "2012.??.??"]
[WhiteTeam "Bad Vilbeler Sfr.1985"]
[BlackTeam "SAbt TuS Hausen"]

1. e4 e5 2. Nf3 d6 3. Bc4 Qf6 4. h3 h6 5. Nc3 c6 6. d3 Be6 7. b3 Ne7 8. Bxe6
fxe6 9. Nd2 d5 10. Na4 Nd7 11. Bb2 b5 12. Nc3 Ng6 13. Qf3 Bc5 14. Qxf6 Nxf6 15.
g3 O-O 16. O-O Nd7 17. Kg2 Rf7 18. a4 b4 19. Ne2 a5 20. d4 exd4 21. Nxd4 Bxd4
22. Bxd4 e5 23. Bb2 d4 24. Nc4 Rf6 25. f3 Ra6 26. h4 h5 27. Bc1 Nb6 28. Bg5 Re6
29. Nxb6 Rxb6 30. Rae1 c5 31. Kh3 Rb8 32. f4 Nh8 33. fxe5 Nf7 34. Rf5 Rbe8 35.
Bf4 g6 36. Rf6 Kg7 37. Rxe6 Rxe6 38. Rf1 Nxe5 39. Bxe5+ Rxe5 40. Rf4 Re6 41. g4
Rf6 42. Kg3 Rc6 43. e5 c4 44. Rxd4 cxb3 45. cxb3 Rc3+ 46. Kf4 Rxb3 47. Rd5 Rc3
48. Rxa5 Rc4+ 49. Kg3 Rxg4+ 50. Kh3 Re4 51. Rb5 Re3+ 52. Kg2 b3 53. Kf2 Rc3 54.
Rb7+ Kh6 55. e6 Rc2+ 56. Ke3 Rc6 57. e7 Re6+ 58. Kd3 b2 59. Kc2 Re2+ 60. Kb1
1-0

[Event "Frankfurt Ch 2012"]
[Site "Ffm-Kalbach, LAZ"]
[Date "2012.06.18"]
[Round "7.13"]
[White "Lochmann, Tobias"]
[Black "Dröser, Wolfgang"]
[Result "0-1"]
[WhiteElo "730"]
[BlackElo "1263"]
[PlyCount "62"]
[EventDate "2012.??.??"]
[WhiteTeam "SV 1946 Groß-Gerau"]
[BlackTeam "Sfr. Frankfurt 1921"]

1. d4 g6 2. Nf3 d6 3. e3 Bg7 4. Nc3 Nf6 5. Bc4 d5 6. Bd3 c6 7. O-O Qc7 8. g3
Nbd7 9. Qe1 O-O 10. e4 dxe4 11. Nxe4 Nxe4 12. Bxe4 f5 13. Bd3 Re8 14. Bc4+ Kh8
15. Bf4 e5 16. dxe5 Nxe5 17. Bxe5 Bxe5 18. Qd2 b5 19. Bb3 Rd8 20. Qg5 Bxb2 21.
Rae1 Bd7 22. Re2 Rf8 23. Qd2 Bf6 24. Re3 Rad8 25. Rc3 Be6 26. Bxe6 Rxd2 27.
Nxd2 Bxc3 28. Rd1 Bxd2 29. Rxd2 Qe5 30. Bb3 Qe1+ 31. Kg2 Qxd2 0-1

[Event "Frankfurt Ch 2012"]
[Site "Ffm-Kalbach, LAZ"]
[Date "2012.06.18"]
[Round "7.15"]
[White "Paetzke, Arthur"]
[Black "Hartwig, Horst"]
[Result "0-1"]
[WhiteElo "828"]
[BlackElo "1244"]
[PlyCount "58"]
[EventDate "2012.??.??"]
[WhiteTeam "SV Oberursel"]
[BlackTeam "SAbt TuS Hausen"]

1. e4 e5 2. Bc4 Nf6 3. Nc3 a6 4. a4 Bb4 5. Nf3 Bxc3 6. dxc3 d6 7. Ng5 O-O 8.
O-O Bg4 9. f3 Bh5 10. Be3 Qe7 11. b4 h6 12. Nh3 Nxe4 13. b5 Nd7 14. Qd3 Nef6
15. bxa6 bxa6 16. Bxa6 Rad8 17. Qf5 Bg6 18. Qxg6 fxg6 19. Rab1 Nd5 20. Bc4 N7f6
21. f4 Kh7 22. Bd2 Ne4 23. Be1 Ne3 24. Rf3 Nxc4 25. Rb4 d5 26. Rb1 Ned2 27.
Bxd2 Nxd2 28. Ra1 Nxf3+ 29. gxf3 Qc5+ 0-1